| 000 | 01330nam a2200193 i 4500 | ||
|---|---|---|---|
| 001 | 173570 | ||
| 003 | ES-MaACL | ||
| 005 | 20230906215257.0 | ||
| 008 | 091209s1973 sp |||| | spa d | ||
| 020 | _a84-7078-358-0 | ||
| 080 | _a94(100)"14/17" | ||
| 245 | 0 | 0 | _aEstudios del Departamento de Historia Moderna. |
| 260 |
_aZaragoza : _bFacultad de Filosofía y Letras, _c1973. |
||
| 300 |
_aV, 121 p. ; _c24 cm. |
||
| 505 | 0 | _aP.1: Escritores aragoneses de asuntos económicos durante el reinado de los Reyes Católicos / Eduardo Ibarra y Rodríguez - P. 9: El gran maestre don Juan Fernández de Heredia y los orígenes del humanismo aragonés - P.17: Noticias de la peste de Zaragoza de 1652 / Jesús Maiso González - P.47: Luisiana española / Juan José Andreu Ocariz - P. 73: Organización laboral, sueldos, salarios, en una fábrica santanderina, a finales del Antiguo Régimen: La Cavada, 1750-1820 / José Alcalá-Zamora y Queipo de Llano - P. 93: La evangelización católica de los Natchez / Fernando Solano Costa - P.: 103: Relaciones diplomáticas entre España y los Estados Unidos de Norteamérica a fines del siglo XVIII / José Antonio Armillas Vicente | |
| 651 | 4 |
_aEspaña- _xHistoria. _98209 |
|
| 710 | 2 |
_aUniversidad de Zaragoza. _bFacultad de Filosofía y Letras. _9169928 |
|
| 852 |
_aES-MaACL _jC-54236 |
||
| 999 |
_c173570 _d173570 |
||